00710nam a2200241 a 4500001001300000003000900013005001700022008004100039020001000080082001600090100001800106245004000124260004800164300000900212500003500221650003200256650003500288700001800323902000800341942000700349952009700356999001500453nice12345678IN_TiNIC20260116012600.0070619s1941 laha grp 000 0 urd  ac10000a231.72bHAM aHamilton, E L aTum Mkujhe Kyonn Khudavand Kahte Ho aLahorebPunjab Religious Booksociety c1941 a173p aincludes index and biblioraphy aChristianity-Kingdom of God aChristianity-Kingdom of Heaven1 aHamilton, E L bSRS cBK 00104070aHMIbHMId2007-06-19g100.00l0o231.72 HAMp12358r2007-06-19w2026-01-16yARB c7544d7544